| 000 | 00491nam a2200169 4500 | ||
|---|---|---|---|
| 005 | 20251014145023.0 | ||
| 008 | 251014b |||||||| |||| 00| 0 eng d | ||
| 020 | _a978-3-598-24443-8 | ||
| 040 |
_aNational Science Library _cNational Science Library |
||
| 080 |
_aD 03(026):339.166 _bP6 |
||
| 100 | _aAdams, Stephen R | ||
| 245 | _aInformation sources in patents | ||
| 250 | _a2nd ed. | ||
| 260 |
_aMunchen: _bK. G. Saur Verlag GmbH, _c2006 |
||
| 300 | _axx, 236p. | ||
| 942 |
_2udc _cBK |
||
| 999 |
_c67828 _d67828 |
||